Movies Quiz

Random Movies or Role Quiz
Score 0/21 Timer 01:30
0 Plays Today
Question Answer Wrong Answers
Character killed near end of movie Biggs
80.7%
Smalls
9.3%
Also called Red 3 Biggs
79.5%
Smalls
9.3%
Does battle with the Death Star Biggs
77.6%
Smalls
13.7%
Got an X-Wing Biggs
77%
Smalls
14.9%
Sports a mustache Biggs
77%
Smalls
11.8%
“They’ll never stop us.” Biggs
75.8%
Smalls
14.9%
Sports a black eye Smalls
73.9%
Biggs
19.3%
Associate of Porkins Biggs
71.4%
Smalls
19.9%
Does battle with the Beast Smalls
69.6%
Biggs
19.3%
Portrayed by Garrick Hagon Biggs
68.3%
Smalls
23.6%
Also called L-7 Weenie Smalls
68.3%
Biggs
23%
“How can I have some more of nothing?” Smalls
67.7%
Biggs
24.2%
Got a B, once Smalls
67.7%
Biggs
24.2%
Portrayed by Tom Guiry Smalls
64.6%
Biggs
26.7%
“You're too low. Pull up!“ Biggs
64.6%
Smalls
24.2%
Famous friend grabs his shoulder Biggs
64.6%
Smalls
26.1%
Meets character played by James Earl Jones Smalls
62.1%
Biggs
28%
Associate of Ham Smalls
61.5%
Biggs
28%
Character told he’s killing his friend Smalls
56.5%
Biggs
32.9%
“You can do it! Pull through, bud!“ Smalls
53.4%
Biggs
38.5%
Exchanges thumbs-up with famous friend Smalls
51.6%
Biggs
39.1%
Remove Ads.
Support Sporcle.
Get the best of Sporcle when you Go Orange. This ad-free experience offers more features, more stats, and more fun while also helping to support Sporcle. Thank you for becoming a member.

You're not logged in!

Compare scores with friends on all Sporcle quizzes.
OR
Log In

Show Comments

Extras

Top Quizzes Today


Score Distribution

Your Account Isn't Verified!

In order to create a playlist on Sporcle, you need to verify the email address you used during registration. Go to your Sporcle Settings to finish the process.

Report this User

Report this user for behavior that violates our Community Guidelines.

Details: